000 00278 a2200121 4500
001 147094
040 _cEscola São Tomás de Aquino
100 _aMACHADO, Ana Maria
240 1 0 _aQuenco, o pato
_lpor
245 1 0 _aQuenco, o pato
697 _a*LITERATURA INFANTO
942 _cBK
999 _c147094
_d147094